[Event "COL-ch U12"]
[Site "Bogota"]
[Date "2009.04.03"]
[Round "4.14"]
[White "Gomez, Juan Andres"]
[Black "Monroy, Juan Francisco"]
[Result "1-0"]
[WhiteElo "2023"]
[BlackElo "1400"]
[PlyCount "54"]
[EventDate "2009.04.03"]
[EventType "swiss"]
[EventRounds "7"]
[EventCountry "COL"]
[SourceTitle "EXT 2024"]
[Source "ChessBase"]
[SourceDate "2023.10.10"]
[SourceVersion "1"]
[SourceVersionDate "2023.10.10"]
[SourceQuality "1"]

1. e4 e5 2. f4 exf4 3. Nf3 Nc6 4. d4 Nf6 5. Nc3 Bb4 6. Bd3 d6 7. Bxf4 Bg4 8. d5 Nd4 9. Rf1 Bxf3 10. gxf3 h6 11. Qd2 Qe7 12. a3 Ba5 13. 0-0-0 0-0-0 14. Qe1 Nh5 15. Bd2 Rd7 16. Nb5 Bxd2+ 17. Qxd2 Nxb5 18. Bxb5 c6 19. dxc6 bxc6 20. Bxc6 Rc7 21. Bd5 Kd7 22. Qg2 Nf6 23. Qxg7 Rhc8 24. Rf2 Nxd5 25. Rxd5 Qh4 26. Qg4+ Qxg4 27. fxg4 Ke6 1-0